[Event "World Blitz Women 2017"]
[Site "Riyadh KSA"]
[Date "2017.12.29"]
[Round "7.31"]
[White "Nakhbayeva, Guliskhan"]
[Black "Atalik, Ekaterina"]
[Result "1-0"]
[WhiteTitle "WGM"]
[BlackTitle "IM"]
[WhiteElo "2314"]
[BlackElo "2451"]
[WhiteFideId "13704788"]
[BlackFideId "4130189"]
[EventDate "2017.12.29"]

1. d4 d5 2. c4 e6 3. Nc3 Nf6 4. cxd5 exd5 5. Bg5 c6 6. e3 Nbd7 7. Bd3 h6 8. Bh4
Be7 9. Qc2 Nh5 10. Bxe7 Qxe7 11. Nge2 Nb6 12. O-O O-O 13. Rae1 Nf6 14. Ng3 Be6
15. f3 c5 16. Nce2 cxd4 17. Nxd4 Rac8 18. Qf2 g6 19. h3 Nc4 20. f4 Ne4 21. Nxe4
dxe4 22. Bxe4 Bxh3 23. Bxg6 fxg6 24. gxh3 Qe4 25. Kh2 Kh7 26. Rg1 Rf6 27. b3 Nd6
28. Qh4 Rcf8 29. Rg2 Nf5 30. Nxf5 Rxf5 31. Qg4 R5f6 32. Ree2 R8f7 33. h4 h5 34.
Qg5 Qe6 35. Qg3 Rf5 36. Re1 R5f6 37. Ree2 Rf5 38. Rd2 R5f6 39. Qf3 Qe7 40. Rd5
Rc6 41. Rdg5 Re6 42. e4 Rxe4 43. Qxh5+ 1-0

[Event "World Blitz Women 2017"]
[Site "Riyadh KSA"]
[Date "2017.12.29"]
[Round "7.32"]
[White "Vijayalakshmi, Subbaraman"]
[Black "Huang, Qian"]
[Result "0-1"]
[WhiteTitle "IM"]
[BlackTitle "WGM"]
[WhiteElo "2357"]
[BlackElo "2438"]
[WhiteFideId "5004098"]
[BlackFideId "8602689"]
[EventDate "2017.12.29"]

1. Nf3 Nf6 2. g3 g6 3. Bg2 Bg7 4. O-O O-O 5. b3 d6 6. Bb2 e5 7. d4 e4 8. Ne1 d5
9. c4 c6 10. f3 exf3 11. exf3 c5 12. dxc5 dxc4 13. Qc2 cxb3 14. axb3 Bf5 15. Qc1
Nc6 16. Nc2 Qd3 17. Ne3 Be6 18. Ra3 Rfd8 19. Nc4 Nd4 20. Qd2 Bxc4 21. bxc4 Ne2+
22. Kf2 Qxd2 23. Nxd2 Rxd2 24. Bxf6 Bxf6 25. Ke3 Rb2 26. Rfa1 Re8+ 27. Kd3 Rd8+
28. Ke3 Bd4+ 29. Kd3 Bxc5+ 30. Ke4 Bxa3 31. Rxa3 Nc3+ 32. Rxc3 Rxg2 33. c5 Re2+
34. Kf4 Kg7 35. h4 Rd4+ 36. Kg5 h6# 0-1

[Event "World Blitz Women 2017"]
[Site "Riyadh KSA"]
[Date "2017.12.29"]
[Round "7.33"]
[White "Berend, Elvira"]
[Black "Ambartsumova, Karina"]
[Result "1-0"]
[WhiteTitle "WGM"]
[BlackTitle "WGM"]
[WhiteElo "2303"]
[BlackElo "2359"]
[WhiteFideId "4000510"]
[BlackFideId "4166299"]
[EventDate "2017.12.29"]

1. d4 Nf6 2. Nf3 g6 3. Bg5 Bg7 4. Nbd2 d5 5. e3 O-O 6. Be2 c5 7. O-O Nbd7 8. c3
b6 9. h3 Bb7 10. a4 Re8 11. a5 Bc6 12. Qb3 h6 13. Bf4 c4 14. Qc2 b5 15. Ne5 Nxe5
16. dxe5 Ne4 17. Nxe4 dxe4 18. e6 f5 19. b3 cxb3 20. Qxb3 a6 21. Rfd1 Qc8 22.
Rd7 Kh7 23. Rc7 Qd8 24. Rxc6 Qd2 25. Bf1 Red8 26. Bc7 Rd5 27. Bb6 Be5 28. Bd4
Bxd4 29. cxd4 Rad8 30. Rc2 1-0

[Event "World Blitz Women 2017"]
[Site "Riyadh KSA"]
[Date "2017.12.29"]
[Round "7.34"]
[White "Szczepkowska, Karina"]
[Black "Mammadova, Gulnar"]
[Result "1-0"]
[WhiteTitle "IM"]
[BlackTitle "IM"]
[WhiteElo "2419"]
[BlackElo "2357"]
[WhiteFideId "1122681"]
[BlackFideId "13403508"]
[EventDate "2017.12.29"]

1. d4 g6 2. c4 Bg7 3. Nf3 e6 4. Nc3 Ne7 5. Bg5 h6 6. Bf4 d5 7. e3 O-O 8. h3 b6
9. Rc1 c5 10. cxd5 exd5 11. dxc5 bxc5 12. Bd3 d4 13. Ne4 g5 14. Be5 f6 15. Qb3+
Kh8 16. Bxb8 dxe3 17. O-O Rxb8 18. Qxb8 Qxd3 19. Nxc5 exf2+ 20. Rxf2 Qe3 21. Rc3
Qf4 22. Qxf4 gxf4 23. Ra3 Nc6 24. Re2 f5 25. Ne6 Re8 26. Nxf4 Rxe2 27. Nxe2 Bxb2
28. Rb3 Bf6 29. Rb1 Ba6 30. Nf4 Kg7 31. Ne6+ Kf7 32. Nc5 Bc8 33. Rc1 Nb4 34. a3
Na2 35. Rc2 Nc3 36. Nb3 Be6 37. Nbd4 Nd5 38. Nxe6 Kxe6 39. Rc6+ Kd7 40. Ra6 h5
41. Rxa7+ Nc7 42. Ra5 Ke6 43. Ra7 Nb5 44. Rh7 Nxa3 45. Rxh5 Nc4 46. Rh7 Nd6 47.
Ra7 Bd8 48. Ra8 Bb6+ 49. Kf1 Ne4 50. Ke2 Bc7 51. Kd3 Kf6 52. Nd4 Be5 53. Nf3 Bf4
54. Ra6+ Kf7 55. Ke2 Nc3+ 56. Kd3 Ne4 57. Kd4 Bg3 58. Kd5 Nf6+ 59. Kc6 Ne4 60.
Kd5 Nf6+ 61. Kd4 Ne4 62. Ne5+ Ke7 63. Nd3 Kf7 64. Kd5 Nf6+ 65. Kc6 Ne4 66. Kd5
Nf6+ 67. Kd4 Ne4 68. Ke3 Nf6 69. Kf3 Bb8 70. Rb6 Nd7 71. Rb7 Ke6 72. Nc5+ Nxc5
73. Rxb8 Nd7 74. Rb1 Kf6 75. Kf4 Kg6 76. Rd1 Nc5 77. Rd5 Ne6+ 78. Ke5 Ng5 79.
Rd6+ Kh5 80. Kxf5 Nf7 81. Rd7 Nh6+ 82. Kf4 Kh4 83. Rh7 Kh5 84. g4+ Kg6 85. Rxh6+ 1-0

[Event "World Blitz Women 2017"]
[Site "Riyadh KSA"]
[Date "2017.12.29"]
[Round "7.35"]
[White "Mkrtchian, Lilit"]
[Black "Karavade, Eesha"]
[Result "1-0"]
[WhiteTitle "IM"]
[BlackTitle "IM"]
[WhiteElo "2376"]
[BlackElo "2384"]
[WhiteFideId "13300601"]
[BlackFideId "5012600"]
[EventDate "2017.12.29"]

1. Nf3 d5 2. e3 Nf6 3. c4 e6 4. d4 b6 5. Nc3 Bb7 6. cxd5 exd5 7. Bb5+ c6 8. Bd3
Nbd7 9. O-O Be7 10. b3 O-O 11. Bb2 Bd6 12. Ne2 Qe7 13. Ng3 g6 14. Qc2 c5 15.
Rfe1 Rac8 16. dxc5 Nxc5 17. Qd1 Nce4 18. Rc1 Bb4 19. Re2 Rxc1 20. Qxc1 Rc8 21.
Rc2 Rxc2 22. Qxc2 Ba3 23. Bd4 Bc5 24. Ne2 Ng4 25. Bxe4 dxe4 26. Nd2 Bxd4 27.
Nxd4 Qf6 28. Nf1 Qe7 29. h3 Ne5 30. Ng3 Nd3 31. Qc3 Qc5 32. Qxc5 Nxc5 33. Kf1
Ba6+ 34. Kg1 Bb7 35. Kf1 f5 36. Nge2 Ba6 37. Kg1 Bd3 38. Nc3 Kf7 39. f3 exf3 40.
gxf3 a5 41. Kf2 Nd7 42. Nd5 Nc5 43. Nxb6 Bb1 44. a3 Ba2 45. Nc4 Bxb3 1-0

[Event "World Blitz Women 2017"]
[Site "Riyadh KSA"]
[Date "2017.12.29"]
[Round "7.36"]
[White "Zozulia, Anna"]
[Black "Savina, Anastasia"]
[Result "1/2-1/2"]
[WhiteTitle "IM"]
[BlackTitle "IM"]
[WhiteElo "2316"]
[BlackElo "2350"]
[WhiteFideId "14102110"]
[BlackFideId "4196872"]
[EventDate "2017.12.29"]

1. e4 e5 2. Nf3 Nc6 3. Nc3 Nf6 4. Bb5 Nd4 5. Bc4 Nxf3+ 6. Qxf3 d6 7. h3 Be7 8.
O-O c6 9. d3 Be6 10. Bxe6 fxe6 11. Qe2 O-O 12. a4 a5 13. f4 exf4 14. Bxf4 e5 15.
Be3 Qd7 16. Rf2 Rf7 17. Raf1 Raf8 18. Rf5 Bd8 19. d4 exd4 20. Bxd4 Qe6 21. Qd3
Nd7 22. Rxf7 Rxf7 23. Rxf7 Qxf7 24. Qg3 Bc7 25. Nd1 Ne5 26. Ne3 Qg6 27. Bxe5
dxe5 28. Qxg6 hxg6 29. Kf1 Kf7 30. Ke2 Ke6 31. Kd3 b5 32. b3 Bb6 33. Nd1 Bd4 34.
c3 Bb6 35. Nb2 Kf6 36. b4 axb4 37. cxb4 bxa4 38. Nxa4 Ba7 39. Ke2 Bd4 40. Kf3
Ba7 41. Ke2 Bd4 42. Kf3 Ba7 43. Nb2 Bd4 44. Nc4 Bc3 45. Na5 Bxb4 46. Nxc6 Bc5
47. Na5 Bd4 48. Nb3 Bb6 49. Nd2 Bd4 50. Nb3 Bb6 51. Nd2 Bd4 52. Nb3 Bb6 53. Nd2 1/2-1/2

[Event "World Blitz Women 2017"]
[Site "Riyadh KSA"]
[Date "2017.12.29"]
[Round "7.37"]
[White "Charkhalashvili, Inga"]
[Black "Cornette, Deimante"]
[Result "0-1"]
[WhiteTitle "WGM"]
[BlackTitle "IM"]
[WhiteElo "2355"]
[BlackElo "2439"]
[WhiteFideId "13601431"]
[BlackFideId "12802859"]
[EventDate "2017.12.29"]

1. d4 d5 2. c4 e6 3. Nc3 Bb4 4. Nf3 Nf6 5. Bg5 h6 6. Bh4 dxc4 7. Qa4+ Nc6 8. Ne5
Qxd4 9. Nxc6 Bxc3+ 10. bxc3 Qxc3+ 11. Kd1 Qxa1+ 12. Kc2 Bd7 0-1

[Event "World Blitz Women 2017"]
[Site "Riyadh KSA"]
[Date "2017.12.29"]
[Round "7.38"]
[White "Danielian, Elina"]
[Black "Ordaz Valdes, Lisandra Teresa"]
[Result "0-1"]
[WhiteTitle "GM"]
[BlackTitle "WGM"]
[WhiteElo "2413"]
[BlackElo "2414"]
[WhiteFideId "13300210"]
[BlackFideId "3506940"]
[EventDate "2017.12.29"]

1. Nf3 d5 2. e3 Nf6 3. c4 e6 4. Nc3 Be7 5. b3 O-O 6. Bb2 b6 7. Qc2 c5 8. cxd5
exd5 9. d4 Nc6 10. dxc5 bxc5 11. Rd1 Be6 12. Be2 Qc8 13. O-O Rd8 14. Na4 Nb4 15.
Qc3 Nxa2 16. Qa5 Nb4 17. Bxf6 gxf6 18. Rc1 c4 19. bxc4 dxc4 20. Qh5 Qd7 21. Nc5
Bxc5 22. Qxc5 Nd3 23. Bxd3 cxd3 24. Nd4 Rac8 25. Qa3 d2 26. Rxc8 Rxc8 27. Rd1
Qc7 28. h3 Qc1 29. Qa4 Qxd1+ 0-1

[Event "World Blitz Women 2017"]
[Site "Riyadh KSA"]
[Date "2017.12.29"]
[Round "7.39"]
[White "Zatonskih, Anna"]
[Black "Rapport, Jovana"]
[Result "1-0"]
[WhiteTitle "IM"]
[BlackTitle "WGM"]
[WhiteElo "2452"]
[BlackElo "2299"]
[WhiteFideId "14101572"]
[BlackFideId "937266"]
[EventDate "2017.12.29"]

1. e4 e6 2. d4 d5 3. Nd2 Be7 4. c3 c5 5. dxc5 Bxc5 6. exd5 exd5 7. Nb3 Bb6 8.
Qe2+ Be6 9. Nf3 Nf6 10. Bg5 O-O 11. Qc2 h6 12. Bh4 Bg4 13. Be2 Bxf3 14. gxf3 a5
15. O-O-O Nc6 16. Rhg1 a4 17. Rxg7+ Kxg7 18. Rg1+ Kh8 19. Qf5 Nh7 20. Bxd8 Bxd8
21. Bd3 Nf6 22. Qf4 Ng4 23. Rxg4 Bg5 24. Rxg5 hxg5 25. Qxg5 Rfe8 26. Qh6+ Kg8
27. Bh7+ 1-0

[Event "World Blitz Women 2017"]
[Site "Riyadh KSA"]
[Date "2017.12.29"]
[Round "7.40"]
[White "Sedina, Elena"]
[Black "Mamedjarova, Zeinab"]
[Result "1-0"]
[WhiteTitle "IM"]
[BlackTitle "WGM"]
[WhiteElo "2312"]
[BlackElo "2363"]
[WhiteFideId "812153"]
[BlackFideId "13401521"]
[EventDate "2017.12.29"]

1. e4 e5 2. Nf3 d6 3. d4 Nd7 4. Bc4 c6 5. O-O Ngf6 6. dxe5 Nxe4 7. exd6 Nxd6 8.
Re1+ Be7 9. Qxd6 b5 10. Bb3 a5 11. a4 Ra7 12. Nc3 b4 13. Bg5 f6 14. Rxe7+ Qxe7
15. Re1 Ne5 16. Rxe5 fxg5 17. Qxc6+ Bd7 18. Rxe7+ Kxe7 19. Qc5+ Kd8 20. Qxa7 Re8
21. Qxa5+ Kc8 22. Qxb4 g4 23. Ne4 Kc7 24. Qc5+ Kb8 25. Nd6 1-0

[Event "World Blitz Women 2017"]
[Site "Riyadh KSA"]
[Date "2017.12.29"]
[Round "7.41"]
[White "Arakhamia-Grant, Ketevan"]
[Black "Munguntuul, Batkhuyag"]
[Result "0-1"]
[WhiteTitle "GM"]
[BlackTitle "IM"]
[WhiteElo "2350"]
[BlackElo "2397"]
[WhiteFideId "13600168"]
[BlackFideId "4900758"]
[EventDate "2017.12.29"]

1. e4 c5 2. Nf3 e6 3. d4 cxd4 4. Nxd4 Nc6 5. Nc3 Qc7 6. f4 a6 7. Be3 b5 8. Nxc6
Qxc6 9. Bd3 b4 10. Ne2 Bb7 11. Nd4 Qc7 12. O-O Nf6 13. Qf3 Bc5 14. Rae1 O-O 15.
Kh1 Rad8 16. Nb3 Bxe3 17. Rxe3 d5 18. e5 Ne4 19. Qh5 f5 20. Rh3 g6 21. Qe2 Qb6
22. Rhf3 a5 23. Nc1 a4 24. Qe1 Rc8 25. Ne2 Rfd8 26. c3 a3 27. cxb4 axb2 28. Bb1
Ba6 29. Qd1 Qxb4 30. Rb3 Qc4 31. Bd3 Qxd3 32. Rxd3 Bxd3 33. Qxd3 Nf2+ 34. Rxf2
Rc1+ 35. Ng1 b1=Q 36. Qxb1 Rxb1 37. g3 Ra8 38. Kg2 Ra1 39. Nf3 R1xa2 40. Ng5
Rxf2+ 41. Kxf2 Ra6 42. Ke3 h6 43. Nf3 Ra3+ 44. Kf2 Kf7 45. Nd4 Ke7 46. h4 Kd7
47. Kg2 Rd3 48. Nb5 d4 49. Kf2 Kc6 50. Nd6 Rb3 51. Nf7 h5 52. Nh8 Kd5 53. Nxg6
Ke4 54. Nf8 Rb2+ 55. Ke1 Ke3 56. Kf1 d3 57. Nxe6 d2 0-1

[Event "World Blitz Women 2017"]
[Site "Riyadh KSA"]
[Date "2017.12.29"]
[Round "7.42"]
[White "Gara, Anita"]
[Black "Kovanova, Baira"]
[Result "1-0"]
[WhiteTitle "IM"]
[BlackTitle "WGM"]
[WhiteElo "2367"]
[BlackElo "2367"]
[WhiteFideId "709751"]
[BlackFideId "4164083"]
[EventDate "2017.12.29"]

1. e4 e5 2. Nf3 d6 3. d4 exd4 4. Nxd4 Nf6 5. Nc3 Be7 6. Be2 O-O 7. Bf4 Re8 8.
Qd2 Bf8 9. f3 d5 10. Ndb5 Na6 11. exd5 Nh5 12. Bg5 f6 13. Be3 Qe7 14. Bf2 c6 15.
Nd4 Nb4 16. dxc6 bxc6 17. O-O c5 18. Ndb5 a6 19. Na3 f5 20. Nc4 Bb7 21. a3 Nc6
22. Rfe1 Qf7 23. Nb6 Rad8 24. Qg5 Ne5 25. f4 h6 26. Qxh5 Qc7 27. fxe5 Qxb6 28.
Bc4+ Kh8 29. Qxf5 Qxb2 30. Bd3 Rxd3 31. Qxd3 1-0

[Event "World Blitz Women 2017"]
[Site "Riyadh KSA"]
[Date "2017.12.29"]
[Round "7.43"]
[White "Gu, Xiaobing"]
[Black "Fataliyeva, Ulviyya"]
[Result "0-1"]
[WhiteTitle "WGM"]
[BlackTitle "WGM"]
[WhiteElo "2332"]
[BlackElo "2384"]
[WhiteFideId "8602611"]
[BlackFideId "13403052"]
[EventDate "2017.12.29"]

1. e4 e6 2. d4 d5 3. Nd2 c5 4. exd5 exd5 5. Bb5+ Bd7 6. Bxd7+ Qxd7 7. Qe2+ Qe7
8. Qxe7+ Bxe7 9. dxc5 Bxc5 10. Nb3 Bb6 11. Ne2 Nf6 12. Nf4 O-O 13. O-O Nc6 14.
c3 Rfe8 15. h3 h6 16. Rd1 Rad8 17. Kf1 g5 18. Ne2 Ne4 19. Ned4 Ne5 20. Nd2 Nd3
21. Nxe4 dxe4 22. Nf5 Nxf2 23. Rxd8 Rxd8 24. Nxh6+ Kh7 25. Nxf7 Rd1+ 26. Ke2 Rg1
27. Nxg5+ Kg6 28. Ne6 Nd3 29. Kd2 Bf2 30. b4 Nxc1 31. Rxc1 Be3+ 32. Kxe3 Rxc1
33. Kxe4 Rxc3 34. g4 Rc4+ 35. Ke5 Rxb4 36. Nf4+ Kg5 37. Ne6+ Kh4 38. g5 Rb1 39.
g6 Rg1 40. Nf4 Kg5 41. g7 Kh6 42. Ne6 0-1

[Event "World Blitz Women 2017"]
[Site "Riyadh KSA"]
[Date "2017.12.29"]
[Round "7.44"]
[White "Galojan, Lilit"]
[Black "Enkhtuul, Altan-Ulzii"]
[Result "1-0"]
[WhiteTitle "IM"]
[BlackTitle "WGM"]
[WhiteElo "2300"]
[BlackElo "2344"]
[WhiteFideId "13301314"]
[BlackFideId "4901444"]
[EventDate "2017.12.29"]

1. c4 e5 2. Nc3 Nf6 3. Nf3 Nc6 4. g3 Bb4 5. Bg2 O-O 6. O-O Re8 7. d3 h6 8. e4
Bf8 9. h3 d6 10. a3 a5 11. Be3 Be6 12. Kh2 Nh7 13. Nd2 f5 14. Nd5 Nf6 15. f4
fxe4 16. Nxf6+ Qxf6 17. f5 Bf7 18. Nxe4 Qd8 19. g4 d5 20. cxd5 Bxd5 21. Rc1 Nd4
22. f6 g6 23. f7+ Bxf7 24. Nf6+ Kg7 25. Nxe8+ Bxe8 26. Be4 Bc6 27. Qe1 Bxe4 28.
Bxd4 exd4 29. Qxe4 Bd6+ 30. Kg2 Qh4 31. Rf3 Rf8 32. Qxd4+ Kg8 33. Rcf1 Rxf3 34.
Rxf3 Qe7 35. Qe4 Qg7 36. Qe6+ Kh8 37. Qf6 Qxf6 38. Rxf6 Kg7 39. Re6 Kf7 40. Re4
b6 41. a4 Kf6 42. Kf3 g5 43. b3 Bb4 44. Re2 Bc5 45. Ke4 Ke6 46. d4 Bd6 47. Rf2
Be7 48. Rf5 Bd6 49. Kd3 Be7 50. Kc4 Bf6 51. Rf3 Bg7 52. Rf5 Bh8 53. Kb5 Bxd4 54.
Kc6 Be5 55. Rf8 Bd6 56. Rh8 Ke5 57. Rxh6 Kf4 58. Rh5 Be5 59. Kd5 Bd6 60. Ke6 Bc5
61. Kf6 Bf2 62. Kg6 Bh4 63. Rxh4 gxh4 64. g5 Kg3 65. Kf7 Kxh3 66. g6 Kh2 67. g7
h3 68. g8=Q Kh1 69. Qg3 h2 70. Qf2 b5 71. Qf1# 1-0

[Event "World Blitz Women 2017"]
[Site "Riyadh KSA"]
[Date "2017.12.29"]
[Round "7.45"]
[White "Li, Ruofan"]
[Black "Zimina, Olga"]
[Result "1/2-1/2"]
[WhiteTitle "IM"]
[BlackTitle "IM"]
[WhiteElo "2351"]
[BlackElo "2415"]
[WhiteFideId "8600643"]
[BlackFideId "4132190"]
[EventDate "2017.12.29"]

1. d4 d5 2. c4 c6 3. cxd5 cxd5 4. Bf4 Nc6 5. e3 Nf6 6. Nc3 Bg4 7. Qb3 Na5 8.
Qa4+ Bd7 9. Qc2 e6 10. Nf3 Bb4 11. Bd3 O-O 12. O-O Rc8 13. a3 Bxc3 14. bxc3 Nc4
15. Bg5 h6 16. Bh4 Qe7 17. Bxc4 Rxc4 18. Ne5 Ba4 19. Qb2 Rc7 20. Ng4 Rfc8 21.
Qe2 Rxc3 22. Qf3 Bc2 23. Bxf6 gxf6 24. Nxf6+ Kg7 25. Qg3+ Bg6 26. Nh5+ Kh7 27.
Nf4 Qg5 28. Nxg6 Qxg3 29. Nf8+ Rxf8 30. hxg3 Rfc8 31. Rfb1 R8c7 32. Rb2 Kg6 33.
g4 Kg5 34. g3 Kxg4 35. Kg2 Rc2 36. Rb3 Rd2 37. Rh1 h5 38. Rh4+ Kg5 39. Rf4 f5
40. Rh4 b6 41. Rh1 Rcc2 42. Rf1 Ra2 43. Rc3 Rdc2 44. Rb3 Kf6 45. Kf3 Ke7 46. Kg2
Kd6 47. Kf3 Kc6 48. Kg2 a5 49. Kf3 a4 50. Rd3 b5 51. Kf4 Rxf2+ 52. Rxf2 Rxf2+
53. Ke5 Kd7 54. Rc3 Rb2 55. Rc5 Rb3 56. Kf4 Kd6 57. Kf3 Kd7 58. Kf4 Kd6 59. Kf3
Rxa3 60. Rxb5 Rb3 61. Ra5 a3 62. Ra6+ Ke7 63. Kf4 Kf6 64. Ra4 Rb2 65. Kf3 a2 66.
Ra8 Ke7 67. Kf4 Kd6 68. Ra6+ Kc7 69. Ke5 Kb7 70. Ra3 Kc7 71. Kxe6 Kb6 72. Kxf5
Kb5 73. e4 dxe4 74. Kxe4 Kb4 75. Ra8 Kb3 76. d5 Re2+ 77. Kf5 Rd2 78. Ke6 Kb2 79.
Rb8+ Kc1 80. Ra8 Kb1 81. d6 a1=Q 82. Rxa1+ Kxa1 83. d7 Re2+ 84. Kf7 Rf2+ 85. Ke8
Re2+ 86. Kf7 Rd2 87. Ke7 Re2+ 88. Kf7 Rf2+ 89. Ke7 Re2+ 90. Kf7 1/2-1/2

[Event "World Blitz Women 2017"]
[Site "Riyadh KSA"]
[Date "2017.12.29"]
[Round "7.46"]
[White "Papp, Petra"]
[Black "Bivol, Alina"]
[Result "1-0"]
[WhiteTitle "WGM"]
[BlackTitle "WGM"]
[WhiteElo "2313"]
[BlackElo "2356"]
[WhiteFideId "739049"]
[BlackFideId "4100123"]
[EventDate "2017.12.29"]

1. e4 e6 2. d4 d5 3. Nc3 Bb4 4. e5 c5 5. a3 Ba5 6. b4 cxd4 7. bxa5 dxc3 8. Qg4
Kf8 9. Nf3 Ne7 10. h4 h6 11. h5 Nbc6 12. Bd3 Qxa5 13. Qf4 Ke8 14. Rh3 Nf5 15. g4
Nfe7 16. g5 Bd7 17. Rg3 Nf5 18. Bxf5 exf5 19. gxh6 gxh6 20. Nd4 O-O-O 1-0

[Event "World Blitz Women 2017"]
[Site "Riyadh KSA"]
[Date "2017.12.29"]
[Round "7.47"]
[White "Assaubayeva, Bibisara"]
[Black "Doluhanova, Evgeniya"]
[Result "1-0"]
[WhiteTitle "FM"]
[BlackTitle "WGM"]
[WhiteElo "2381"]
[BlackElo "2352"]
[WhiteFideId "13708694"]
[BlackFideId "14112035"]
[EventDate "2017.12.29"]

1. d4 Nf6 2. c4 e6 3. Nf3 Bb4+ 4. Nbd2 O-O 5. a3 Bxd2+ 6. Bxd2 Ne4 7. Bf4 d6 8.
e3 f5 9. h3 Nd7 10. Bd3 Ndf6 11. O-O h6 12. Nd2 Qe8 13. Bxe4 fxe4 14. Qc2 e5 15.
dxe5 dxe5 16. Bg3 Bf5 17. c5 Qg6 18. Nc4 Nh5 19. Nxe5 Qg5 20. h4 Qf6 21. Nc4
Nxg3 22. fxg3 Qg6 23. Rf4 Qxg3 24. Raf1 Be6 25. Qxe4 Bxc4 26. Qxc4+ Kh7 27. Rxf8
Rxf8 1-0

[Event "World Blitz Women 2017"]
[Site "Riyadh KSA"]
[Date "2017.12.29"]
[Round "8.1"]
[White "Gunina, Valentina"]
[Black "Dzagnidze, Nana"]
[Result "0-1"]
[WhiteTitle "GM"]
[BlackTitle "GM"]
[WhiteElo "2510"]
[BlackElo "2522"]
[WhiteFideId "4167570"]
[BlackFideId "13601903"]
[EventDate "2017.12.29"]

1. e4 c5 2. Nf3 e6 3. d4 cxd4 4. Nxd4 a6 5. c4 Nf6 6. Nc3 Bb4 7. Qd3 O-O 8. Be2
d6 9. O-O Nbd7 10. Qc2 Qc7 11. Bg5 Bxc3 12. bxc3 b6 13. f4 Bb7 14. Bd3 h6 15.
Bh4 Rac8 16. Rae1 b5 17. e5 dxe5 18. fxe5 Ng4 19. cxb5 Qxc3 20. Qxc3 Rxc3 21.
Be4 Bxe4 22. Rxe4 Ngxe5 23. bxa6 Ra8 24. Bg3 f6 25. a7 Rc4 26. Rfe1 Rxa7 27.
Nxe6 Rxe4 28. Rxe4 Rxa2 29. h3 Kf7 30. Nd8+ Kg6 31. Re3 Ra6 32. Bf4 Rd6 33. Nb7
Rd4 34. Rg3+ Kh7 35. Bxe5 Nxe5 36. Nc5 Rd1+ 37. Kh2 Rd6 38. Ne4 Rc6 39. Ra3 h5
40. Ng3 Kg6 41. Ne4 h4 42. Nd2 Rc2 43. Ne4 Kf5 44. Nd6+ Ke6 45. Ne4 Re2 46. Nc5+
Kf5 47. Rc3 g5 48. Kg1 Ra2 49. Nb7 Ra1+ 50. Kf2 Ra2+ 51. Kg1 Rd2 52. Nc5 Ng6 53.
Rf3+ Nf4 54. g3 hxg3 55. Nb3 Rd1+ 56. Rf1 Rxf1+ 57. Kxf1 Nxh3 58. Kg2 Kg4 59.
Nd4 Nf4+ 60. Kg1 f5 61. Nc2 Nd5 62. Ne1 f4 63. Nd3 f3 0-1

[Event "World Blitz Women 2017"]
[Site "Riyadh KSA"]
[Date "2017.12.29"]
[Round "8.2"]
[White "Lagno, Kateryna"]
[Black "Cramling, Pia"]
[Result "0-1"]
[WhiteTitle "GM"]
[BlackTitle "GM"]
[WhiteElo "2547"]
[BlackElo "2450"]
[WhiteFideId "14109336"]
[BlackFideId "1700030"]
[EventDate "2017.12.29"]

1. e4 c5 2. Nf3 d6 3. d4 cxd4 4. Nxd4 Nf6 5. Nc3 Nc6 6. Bg5 e6 7. Qd3 Be7 8.
O-O-O O-O 9. f4 h6 10. Bh4 Nxd4 11. Qxd4 Qa5 12. Bc4 Qh5 13. Bg3 Rd8 14. Kb1 Bd7
15. e5 dxe5 16. fxe5 Bc6 17. Qf4 Rxd1+ 18. Rxd1 Nd5 19. Bxd5 Bxd5 20. Qf1 Bc6
21. a3 a6 22. Rd2 Rd8 23. Rxd8+ Bxd8 24. Bf4 Qf5 25. Qd1 Bc7 26. Qd4 Bxg2 27.
Bg3 Bc6 28. b4 g5 29. a4 Kg7 30. Kb2 Qf1 31. Qc5 Bd8 32. b5 axb5 33. axb5 Bh1
34. Qd4 Ba5 35. Qa4 Bxc3+ 36. Kxc3 Bd5 37. Kb2 Qc4 38. Qa5 Be4 39. c3 Bd3 40. b6
Be4 41. Qa7 Bd5 42. Kc2 Be4+ 43. Kb2 Qb5+ 44. Ka3 Bd5 45. Qa4 Qxb6 46. h4 Qe3
47. hxg5 Qxc3+ 0-1

[Event "World Blitz Women 2017"]
[Site "Riyadh KSA"]
[Date "2017.12.29"]
[Round "8.3"]
[White "Abdumalik, Zhansaya"]
[Black "Goryachkina, Aleksandra"]
[Result "1/2-1/2"]
[WhiteTitle "IM"]
[BlackTitle "WGM"]
[WhiteElo "2449"]
[BlackElo "2486"]
[WhiteFideId "13703544"]
[BlackFideId "4147103"]
[EventDate "2017.12.29"]

1. e4 Nf6 2. e5 Nd5 3. d4 d6 4. Nf3 Bf5 5. exd6 exd6 6. c3 Nb6 7. Bd3 Bxd3 8.
Qxd3 Be7 9. O-O O-O 10. Nbd2 N8d7 11. Ne4 Nf6 12. Ng3 Re8 13. Bd2 Bf8 14. h3 h6
15. b3 Qd7 16. c4 c6 17. Bc3 d5 18. c5 Nc8 19. Ne5 Qc7 20. Qf3 Ne7 21. Nh5 Ng6
22. Nxf6+ gxf6 23. Nxg6 fxg6 24. Qxf6 Qf7 25. Qxf7+ Kxf7 26. Rfe1 Bg7 27. f3 b6
28. b4 bxc5 29. bxc5 Rxe1+ 30. Rxe1 Rb8 31. Kf2 Bf6 32. Ke2 Bh4 33. Rd1 h5 34.
Kd3 Bf6 35. g3 Bg5 36. f4 Bf6 37. Re1 Rb7 38. Kc2 Bg7 39. g4 hxg4 40. hxg4 Bf6
41. Kd3 Bg7 42. Rf1 Bf6 43. f5 gxf5 44. Rxf5 Kg6 45. Rf2 Re7 46. Re2 Rxe2 47.
Kxe2 Kg5 48. Kf3 Kg6 49. Kf4 Bg7 50. Kf3 Kg5 51. Bd2+ Kg6 52. Be3 Bf6 53. Ke2
Be7 54. Kf3 Bf6 55. Bf2 Bg7 56. Kf4 Bf6 57. g5 Bg7 58. Kg4 Bh8 59. Be3 Bg7 60.
Kf4 Bh8 61. Kf3 Bg7 62. Ke2 Kf5 63. Kd3 Bh8 64. Bd2 1/2-1/2

[Event "World Blitz Women 2017"]
[Site "Riyadh KSA"]
[Date "2017.12.29"]
[Round "8.4"]
[White "Paehtz, Elisabeth"]
[Black "Mammadzada, Gunay"]
[Result "1-0"]
[WhiteTitle "IM"]
[BlackTitle "WGM"]
[WhiteElo "2464"]
[BlackElo "2333"]
[WhiteFideId "4641833"]
[BlackFideId "13403729"]
[EventDate "2017.12.29"]

1. e4 c5 2. Nf3 d6 3. d4 cxd4 4. Nxd4 Nf6 5. Nc3 a6 6. Bg5 Nbd7 7. Qe2 h6 8. Bh4
g6 9. f4 e5 10. fxe5 dxe5 11. O-O-O Qc7 12. Nf3 b5 13. Kb1 Be7 14. g4 Bb7 15.
Nd5 Nxd5 16. exd5 Bd6 17. g5 h5 18. Bh3 O-O 19. Bg3 Rae8 20. Bxd7 Qxd7 21. Qe4
Re7 22. Rhe1 Rfe8 23. Nh4 Qg4 24. Qxg4 hxg4 25. Ng2 Bc8 26. Ne3 Kg7 27. Rd3 Bf5
28. Rc3 Bb4 29. Rf1 Bxc3 30. bxc3 Rd7 31. Kb2 a5 32. Kb3 Ree7 33. Rf2 Re8 34.
Rf1 Ree7 35. Rf2 Re8 36. Rf1 Ree7 37. a4 bxa4+ 38. Kxa4 Re8 39. c4 Rb7 40. Ka3
Ree7 41. c5 Be4 42. c6 Rb4 43. d6 Re6 44. d7 Rd4 45. Rd1 Rxc6 46. Rxd4 1-0